Statistics for Albums by Decade - Tile Select #1

Click here to take the quiz!

General Stats

  • This quiz has been taken 16 times
  • The average score is 134 of 150

Answer Stats

QuestionTileSelect% Correct
the 1960sNo
100%
the 1970sNo
100%
the 1970sNo
100%
the 1970sNo
100%
the 1990sNo
100%
the 1970sNo
100%
the 1990sNo
100%
the 1990sNo
100%
the 1990sNo
100%
the 1990sNo
100%
the 1970sNo
100%
the 2000sNo
100%
the 2000sNo
100%
the 2000sNo
100%
the 1970sNo
100%
the 1970sNo
100%
the 1980sNo
100%
the 1970sNo
100%
the 1970sNo
100%
the 2000sNo
100%
the 1980sNo
100%
the 1980sNo
100%
the 1980sNo
100%
the 1980sNo
100%
the 1980sNo
100%
the 1980sNo
100%
the 1980sNo
100%
the 1980sNo
100%
the 1990sNo
100%
the 1990sNo
100%
the 1990sNo
100%
the 1980sNo
100%
the 1980sNo
100%
the 1990sNo
100%
the 1980sNo
100%
the 1970sNo
100%
the 1970sNo
100%
the 2000sNo
100%
the 2010sNo
100%
the 2010sNo
100%
the 2010sNo
100%
the 1960sNo
100%
the 1960sNo
100%
the 1960sNo
100%
the 1960sNo
100%
the 2010sNo
100%
the 1960sNo
100%
the 2010sNo
100%
the 1960sNo
100%
the 1960sNo
100%
the 1960sNo
100%
the 1960sNo
100%
the 2010sNo
100%
the 2010sNo
100%
the 1960sNo
100%
the 1960sNo
100%
the 1960sNo
100%
the 2010sNo
100%
the 2010sNo
100%
the 2000sNo
100%
the 2000sNo
100%
the 1960sNo
100%
the 2000sNo
100%
the 2010sNo
100%
the 2000sNo
100%
the 1960sNo
100%
the 2000sNo
100%
the 1960sNo
100%
the 2010sNo
100%
the 2010sNo
100%
the 1980sYes
94%
the 1960sNo
94%
the 1960sNo
94%
the 1980sNo
94%
the 1970sNo
94%
the 1960sNo
94%
the 1970sNo
94%
the 1970sNo
94%
the 1970sNo
94%
the 1960sYes
94%
the 1980sNo
94%
the 1980sNo
94%
the 1980sNo
94%
the 2010sNo
94%
the 1990sNo
94%
the 2000sNo
94%
the 1990sNo
94%
the 2000sNo
94%
the 1990sNo
94%
the 1990sNo
94%
the 1990sNo
94%
the 1990sYes
94%
the 2000sNo
94%
the 2000sNo
94%
the 2000sNo
94%
the 2000sNo
94%
the 2010sNo
94%
the 2010sNo
94%
the 2010sNo
94%
the 2010sNo
94%
the 1990sNo
94%
the 1980sNo
94%
the 2010sNo
94%
the 1990sNo
94%
the 2010sYes
94%
the 1990sNo
88%
the 1980sNo
88%
the 1970sNo
88%
the 1970sNo
88%
the 1990sNo
88%
the 2000sNo
88%
the 1960sYes
81%
the 2000sNo
81%
the 2010sNo
81%
the 1980sNo
81%
the 1970sNo
81%
the 2000sNo
81%
the 1980sNo
81%
the 1990sNo
81%
the 1980sYes
75%
the 1990sYes
75%
the 2010sNo
75%
the 1970sNo
75%
the 2000sYes
75%
the 1970sYes
75%
the 1970sNo
75%
the 1990sNo
75%
the 2010sNo
75%
the 1970sNo
75%
the 1960sNo
75%
the 1980sNo
69%
the 1990sYes
69%
the 1990sNo
69%
the 1960sNo
69%
the 2000sNo
69%
the 1960sYes
69%
the 2000sYes
63%
the 2000sYes
63%
the 1970sYes
56%
the 1990sYes
56%
the 2010sYes
56%
the 1970sYes
56%
the 2000sYes
50%
the 2010sYes
50%
the 1980sYes
50%
the 1980sYes
44%
the 2000sYes
38%
the 1970sYes
38%
the 2010sYes
38%
the 1960sYes
25%

Score Distribution

Percentile by Number Answered

Percent of People with Each Score

Your Score History

You have not taken this quiz